000 00561nam a22001577a 4500
003 OSt
008 260515b |||||||| |||| 00| 0 eng d
020 _a9789811570933
082 _a581.1
_bS53M
245 _aMicrobes and Signaling Biomolecules Against Plant Stress: Strategies of Plant- Microbe Relationships for Better Survival
_b/edited by Anita Sharma
260 _aSwitzerland:
_bSpringer Nature;
_c2021.
300 _axviii, 294 p.
650 _aPure Sciences | Botanical Sciences | Plant Physiology | Stress
700 _aSharma, Anita
942 _2ddc
_cBK
999 _c50607
_d50607